1228 1227 1955 1523 1223 1354 1234 1289 1080 1560 1783 1796 1019 1572 1590 1177 1407 1426 1699 1374 1248 1528 1116 1073 1268 1930 1631 1642 1882 1179 1230 1289 1762 1999 1665 1382 1102 1396 1727 1415 1103 1044 1070 1385 1901 1423 1921 1768 1427 1142 1140 1004 1434 1461 1871 1155 1222 1708 1887 1244 1657 1919 1379 1260 1453 1898 1928 1837 1303 1522 1175 1147 1877 1690 1949 1550 1602 1184 1155 1787 1848 1202 1587 1135 1337 1063 1334 1910 1066 1975 1534 1621 1994 1116 1249 1757 1587 1872 1999 BCNSPRNW ULIB Ver.6.0+V

เปลี่ยนเป็นภาษาไทย

Change to English
 แสดงรายละเอียดบรรณานุกรม
  กลับหน้าหลัก

Brief Record : Get Marc (ISO 2709) : E-mail record : QR code < ปิดหน้าต่าง
LEADER : 00000nam 2200000 a 4500
001    13399125364
003     ULIB
008    160303s2015 th a b 001 0 tha d
020    ^a9786164061026
060  4 ^aWA695^bส781ก
100    ^aสุเทพ เรืองวิเศษ
245 10 ^aการประเมินความเสี่ยงต่อสุขภาพด้านเคมี = Chemical health riskassessment /^cสุเทพ เรืองวิเศษ
250    ^aพิมพ์ครั้งที่ 1
260    ^aกรุงเทพฯ :^bภาควิชาสัตวแพทย์สาธารณสุข คณะสัตวแพทยศาสตร์จุฬาลงกรณ์มหาวิทยาลัย,^c2558
300    ^aix, 501 หน้า ;^c26 ซม
504    ^aบรรณานุกรมท้ายบท
505 0  ^aส่วนที่ 1. บททั่วไป -- หลักการของการประเมินความเสี่ยงต่อสุขภาพด้านเคมี-- หน่วยงานด้านการประเมินความเสี่ยงต่อสุขภาพด้านเคมี -- ส่วนที่ 2.ขั้นตอนการประเมินความเสี่ยงต่อสุขภาพด้านเคมี -- การะบุอันตราย --การประเมินการสนองต่อปริมาณสำหรับสารไม่ก่อมะเร็ง --การประเมินการสนองต่อปริมาณสำหรับสารก่อมะเร็ง --การประเมินการได้รับสารเคมี -- การแสดงลักษณะเฉพาะของความเสี่ยง --ส่วนที่ 3.การนำเอาหลักการของการประเมินความเสี่ยงต่อสุขภาพด้านเคมีไปใช้ประโยชน์ -- การคำนวณเกณฑ์คุณภาพน้ำโดยรอบสำหรับสารปนเปื้อนในแหล่งน้ำผิวดิน --การคำนวณความเข้มข้นปลอดภัยสำหรับสารปนเปื้อนในน้ำดื่ม
650  2 ^aFood safety
650  2 ^aFood Contamination
650  7 ^aสุขภาพ^xการประเมิน
710 2  ^aจุฬาลงกรณ์มหาวิทยาลัย.^bคณะสัตวแพทยศาสตร์
945    ^p350^l0^i23936
945    ^p350^l0^i23937
945    ^p350^l0^i23938
995    ู^aกัณชพร
999    ^aกัณชพร
รายการนี้ยังไม่มีแท็ก
คุณยังไม่ได้ล็อกอิน คุณสามารถมีกิจกรรมร่วมกับเว็บไซต์ได้ แต่ต้องล็อกอินก่อน ::
  ล็อกอิน

รายการสื่อสารสนเทศ

ลำดับที่ ประเภท เลขเรียก/บาร์โค้ด สถานที่ สถานะ
1. หนังสือสำรอง
หนังสือสำรอง
WA695 ส781ก ฉ.1 
  Barcode: 23936
ห้องสมุดวิทยาเขตนครสวรรค์
►ส่วนจัดเก็บหนังสือเก่า นว.
บนชั้น
  ขอยืม
2. วิทยาศาสตร์การแพทย์ และสุขภาพ
วิทยาศาสตร์การแพทย์ และสุขภาพ
WA695 ส781ก ฉ.2 
  Barcode: 23937
ห้องสมุดวิทยาเขตนครสวรรค์
►ส่วนจัดเก็บหนังสือเก่า นว.
บนชั้น
  ขอยืม
3. วิทยาศาสตร์การแพทย์ และสุขภาพ
วิทยาศาสตร์การแพทย์ และสุขภาพ
WA695 ส781ก ฉ.3 
  Barcode: 23938
ห้องสมุดวิทยาเขตนครสวรรค์
►ส่วนจัดเก็บหนังสือเก่า นว.
บนชั้น
  ขอยืม

รายการใกล้เคียง
    ผู้แต่ง [สุเทพ เรืองวิเศษ]

    หัวเรื่อง [สุขภาพ การประเมิน]

BibComment


ยังไม่เคยถูกคอมเมนท์

คอมเมนท์ทรัพยากรรายการนี้
  คอมเมนท์: การประเมินความเส..


 Copyright 2026. Bcnsprnw @Library